| 000 | 01484nam0a22003011 4500 | ||
|---|---|---|---|
| 001 | rc\1012891 | ||
| 005 | 20041129102300.8 | ||
| 035 | _a(NLR Aleph) 006178223 | ||
| 090 |
_a6037444 _c6037444 |
||
| 100 | _a20041129d1981 u |0rusy50 ca | ||
| 101 | 0 | _arus | |
| 102 | _aRU | ||
| 105 | _ay ||||||||| | ||
| 200 | 1 |
_aВлияние поверхностно-активных веществ на свойства дисперсных систем и процессы их разделения _f[Сост. Б.Б. Копылева, В.Н. Белов, М.С. Бабурина] |
|
| 210 |
_aМ. _cНИИТЭхим _d1981 |
||
| 215 |
_a39 с. _d20 |
||
| 225 | 1 |
_aХимическая промышленность _eОбзор. информ. _fМ-во хим. пром-сти, НИИ техн.-экон. исслед. _iСерия "Фосфор и его соединения" |
|
| 300 | _aСост. указаны на 2-й с. обл. | ||
| 320 | _aБиблиогр.: с. 31-37 (132 назв.) | ||
| 700 | 1 |
_aКопылева _bБ. Б. _gБронислава Борисовна |
|
| 701 | 1 |
_aБелов _bВ. Н. _gВладимир Николаевич |
|
| 701 | 1 |
_aБабурина _bМ. С. _gМаргарита Сергеевна |
|
| 712 | 0 | 2 |
_aНИИ техн.-экон. исследований М-ва хим. промышленности СССР _3RU\NLR\AUTH\8813349 |
| 801 | 0 |
_aRU _bNLR _gpsbo |
|
| 801 | 1 |
_aRU _bELAR _2rusmarc |
|
| 852 |
_aNLR _j81-4/32170 |
||
| 942 | _cBOOK | ||
| 980 | _aNB | ||